000 01618nam a2200337 4500
003 OSt
005 20250120090153.0
007 cr ||||||a|c|a
008 240509s2024 mx ad||fom||| 001 0 spa d
040 _erda
100 1 _aCuamatzi Degante, María Isabel
_9189088
245 1 0 _aCompactación del suelo; problema y prácticas culturales que influyen en la seguridad alimentaria en Tlaxcala /
_cpor María Isabel Cuamatzi Degante; dirección Joel Pérez Nieto; secretario Raúl Jacinto Mata; vocal Francisco Rodríguez Neave; suplente Gustavo Almaguer Vargas; suplente Roman Sanchez Carrillo
264 1 _aChapingo, México :
_bEl autor,
_c2024.
300 _a1 recurso en línea (84 páginas):
_bIlustraciones, cuadros, gráficas
336 _2rdacontent
_atexto
_btxt
337 _2rdamedia
_acomputadora
_bc
338 _2rdacarrier
_arecurso en línea
_bcr
502 _bIAEF
_cFitotecnia
_d2024
_gLIC
504 _aIncluye referencias bibliográficas: páginas 75-79
650 4 _9112220
_aTemperatura
_xEfecto en raíces
650 4 _9134848
_aMaíz
_xCultivo
_xImpacto ambiental
650 4 _971051
_aMaíz
_xRendimiento
650 4 _9103673
_aSeguridad alimentaria
700 1 _989883
_aPérez Nieto, Joel
_eDirección
700 1 _960786
_aJacinto Mata, Raúl
_eSecretario
700 1 _998741
_aRodríguez Neave, Francisco
_eVocal
700 1 _94475
_aAlmaguer Vargas, Gustavo
_eSuplente
700 1 _9107405
_aSánchez Carrillo, Román
_eSuplente
856 _uhttp://10.13.5.2/tesis/tl/1710554-2_CUAMATZI_DEGANTE_MARIAISABEL.pdf
_zDESCARGAR PDF
942 _2Clasificación Universidad Autónoma Chapingo
_cTD
999 _c219909
_d219909